000 01620nam a2200409 a 4500
001 000115084
003 CHAP
005 20220329144514.0
008 181001s2018 mx a sm |||||||spa d
010 _a111545
011 _a112517
040 _cCHAP
090 _aTesis
100 1 _aMartínez López, Anabel.
_972222
245 1 0 _aSaberes agrícolas sobre control de roya del café (Hemileia vastatrix Berk & Br.) en la región de Huatusco, Veracruz, y su uso en alternativas /
_h[En línea]
_cpor Anabel Martínez López.
260 _aChapingo, Méx. :
_bEl autor.,
_c2018.
500 _aPara ver el contenido del material haga clic en la liga
502 _aTesis (M.C. en Desarrollo Rural Regional) -- UACH. Dirección de Centros Regionales Universitarios
590 _aE8697GMM
_b05
_c20181001
_lUCH01
_h1245
590 _aE8697GMM
_b05
_c20181001
_lUCH01
_h1248
590 _aE8697GMM
_b05
_c20181001
_lUCH01
_h1310
590 _aE8697GMM
_b05
_c20181001
_lUCH01
_h1351
590 _aE8697GMM
_b05
_c20181001
_lUCH01
_h1356
590 _aE8697GMM
_b05
_c20181130
_lUCH01
_h1140
590 _aE8697GMM
_b05
_c20190516
_lUCH01
_h1427
590 _aE8697GMM
_b05
_c20190718
_lUCH01
_h1238
650 1 4 _aCafé
_xCalidad.
_917114
650 1 4 _aCafé
_xEnfermedades por hongos.
_917139
650 1 4 _aCafé
_xMercadeo
_zVeracruz.
_9127317
650 1 4 _aCafé
_xOrganización de productores.
_9132166
650 1 4 _aCafé
_xProducción
_zVeracruz.
_9135063
650 1 4 _aCafé
_xVariedades.
_917208
856 _aFinding aid
_uhttp://10.13.5.2/tesis/sist115084.pdf
_zTeclea aquí
901 _aBK
942 _cTESIS
942 _n0
999 _c111545
_d111545